000 00304nam a2200133Ia 4500
008 191201s2011 xx 000 0 und d
100 _aPOWELL,Thomas A
245 0 _aComplete reference web design
250 _aRep
260 _c2011
_bTMH
_aN. delhi
300 _a898
650 _aMCA
942 _2ddc
_cBB
999 _c7525
_d7525